Estresse oxidativo em cães com doença periodontal: comparação dos biomarcadores plasmáticos e salivares (Registro n. 327780)
[ somente texto ]
| 000 -LÍDER | |
|---|---|
| fixed length control field | 05324nab a2200361 i 4500 |
| 003 - CÓDIGO MARC DA AGÊNCIA CATALOGADORA | |
| Campo de controle | BR-BrBNA |
| 005 - DATA E HORA DA ÚLTIMA ATUALIZAÇÃO | |
| Campo de controle | 20240924104555.0 |
| 008 - CAMPO DE TAMANHO FIXO | |
| fixed length control field | 240924b2018 bl.|r|pooa||| 00| 0 por | |
| 040 ## - FONTE DA CATALOGAÇÃO | |
| Agência catalogadora | BR-BrBNA |
| Idioma da catalogação | por |
| 072 ## - CATEGORIA AGRIS | |
| Código AGRIS | L73 |
| Código do objeto | 5400 |
| 072 ## - CATEGORIA AGRIS | |
| Código AGRIS | L70 |
| 100 ## - ENTRADA PRINCIPAL - NOME PESSOAL | |
| Nome pessoal | Silva, M.R. |
| 100 ## - ENTRADA PRINCIPAL - NOME PESSOAL | |
| Nome pessoal | Matono, D. |
| 100 ## - ENTRADA PRINCIPAL - NOME PESSOAL | |
| Nome pessoal | Bosco, A.M. |
| 100 ## - ENTRADA PRINCIPAL - NOME PESSOAL | |
| Nome pessoal | Baptistiolli, L. |
| 100 ## - ENTRADA PRINCIPAL - NOME PESSOAL | |
| Nome pessoal | Torrecilha, R.B.P. |
| 100 ## - ENTRADA PRINCIPAL - NOME PESSOAL | |
| Nome pessoal | Ciarlini, P.C. |
| 245 ## - TÍTULO PRINCIPAL | |
| Título principal | Estresse oxidativo em cães com doença periodontal: comparação dos biomarcadores plasmáticos e salivares |
| 500 ## - NOTA GERAL | |
| Nota geral | <br/>Publicação online; 30 ref.; 4 illus.; 3 tables; Summaries (En, Pt) |
| 942 ## - ADDED ENTRY ELEMENTS (KOHA) | |
| Koha item type | Analítica |
| 520 ## - NOTA DE RESUMO | |
| Nota de conteúdo | <br/><br/>RESUMO - A doença periodontal (DP) é a enfermidade inflamatória mais comum da cavidade oral dos cães. A quantificação de biomarcadores do plasma e da saliva tem sido utilizada para avaliar o estresse oxidativo sistêmico (EOS) e local (EOL) da DP humana. Na DP canina, os mecanismos do estresse oxidativo não estão bem caracterizados e estabelecidos. O objetivo do presente estudo foi investigar a hipótese de que o EOS ocorre na DP canina e de que a saliva pode ser utilizada para avaliar o EOL. Analisou-se, também, a hipótese de que a ativação do metabolismo oxidativo dos neutrófilos contribui para EOS na DP dos cães. Para tal, foram selecionados 20 cães adultos portadores de DP, agrupados de acordo com o grau de lesão: gengivite (n=6), periodontites leve (n=8) e avançada (n=6). O grupo controle foi composto pelos mesmos 20 cães, 30 dias após o tratamento periodontal. Para avaliar o metabolismo oxidativo dos neutrófilos circulantes foi quantificada a produção de superóxido pelo teste de redução do tetrazólio nitroazul (NBT). As concentrações de oxidante total (TOC) e de espécies reativas ao ácido tiobartbitúrico (TBARS) no plasma foram quantificadas para avaliar o EOS. Para a avaliação do estresse oxidativo local, foi quantificado o TOC salivar e a concentração dos principais antioxidantes da saliva (albumina, ácido úrico e bilirrubina total). O EOS na DP foi confirmado pelo aumento da produção de superóxido dos neutrófilos circulantes, TOC e TBARS plasmático. Foi possível quantificar todos os biomarcadores na saliva de cães, porém nenhum foi capaz de expressar o EOL da DP canina. Esta é uma das primeiras evidências de que o EOS ocorre em cães com DP e que a ativação do metabolismo oxidativo dos neutrófilos pode contribuir para desequilíbrio entre antioxidantes e oxidantes. Este estudo ressalta a importância da higiene bucal dos cães para a prevenção da DP e de lesões degenerativas crônicas de diversos tecidos causadas pelo EOS.<br/><br/><br/>Palavras-chave: periodontite, gengivite, metabolismo oxidativo, superóxido, capacidade antioxidante |
| 520 ## - NOTA DE RESUMO | |
| Nota de conteúdo | <br/><br/>ABSTRACT - - Periodontal disease (PD) is the most common inflammatory disease of the oral cavity of dogs. Quantitation of plasma and salivary biomarkers have been used to assess the systemic oxidative stress (SOS) and local (LOS) of human PD. In canine PD, oxidative stress mechanisms are not well characterized and established. Our objective was to investigate the hypothesis that SOS occurs in dog PD and saliva can be used to evaluate the LOS. We also investigated the hypothesis that the activation of neutrophil oxidative metabolism contributes to SOS in dog SD. For this purpose, 20 adult dogs were selected PD patients, grouped according to the degree of injury: gingivitis (n=6), light periodontitis (n=8) and advanced periodontitis (n=6). The control group was composed of the same 20 dogs, 30 days after periodontal treatment. To assess oxidative metabolism of circulating neutrophils superoxide production was measured by test nitroblue tetrazolium reduction (NBT). The total oxidant concentrations (TOC) and reactive species to tiobartbitúrico acid (TBARS) in plasma were quantified to evaluate SOS. For the evaluation of local oxidative stress were quantified salivary TOC and concentration of the main antioxidant in saliva (albumin, uric acid, and total bilirubin). EOS in dogs with PD was confirmed by increased superoxide production of circulating neutrophils, TOC, and plasma TBARS. It was possible to quantify all the biomarkers in the saliva of dogs, but none was able to express the LOS canine PD. This is the first evidence that SOS occurs in dogs with PD and that activation of the oxidative metabolism of neutrophils may contribute to an imbalance between oxidants and antioxidants. This study highlights the importance of oral hygiene of dogs to prevent PD and chronic degenerative lesions of various tissues caused by SOS.<br/><br/><br/>Keywords: periodontitis, gingivitis, oxidative metabolism, superoxide, antioxidant capacity |
| 650 ## - ASSUNTO - THESAGRO | |
| Cabeçalho tópico ou nome geográfico | CÃO |
| 650 ## - ASSUNTO - THESAGRO | |
| Cabeçalho tópico ou nome geográfico | DOENÇA ANIMAL |
| 650 ## - ASSUNTO - THESAGRO | |
| Cabeçalho tópico ou nome geográfico | LESÃO |
| 650 ## - ASSUNTO - THESAGRO | |
| Cabeçalho tópico ou nome geográfico | BOCA |
| 650 ## - ASSUNTO - THESAGRO | |
| Cabeçalho tópico ou nome geográfico | INFLAMAÇÃO |
| 650 ## - ASSUNTO - THESAGRO | |
| Cabeçalho tópico ou nome geográfico | METABOLISMO OXIDATIVO |
| 650 ## - ASSUNTO - THESAGRO | |
| Cabeçalho tópico ou nome geográfico | ANTIOXIDANTE |
| 773 0# - ENTRADA ANALÍTICA | |
| Host Biblionumber | 1643 |
| Registro do item | 344677 |
| Imprenta | Belo Horizonte-MG Universidade Federal de Minas Gerais - Escola de Veterinaria 1983 |
| Outro identificador | 2024-5011 |
| Título | Arquivo Brasileiro de Medicina Veterinária e Zootecnia (Brazil) |
| ISSN | 0102-0935 |
| Colação | v. 70(5) p. 1369-1377; (2018) |
| 856 ## - ACESSO E ENDEREÇO ELETRÔNICO | |
| Identificador uniforme de recurso - URI | https://www.scielo.br/j/abmvz/a/Wt7JwHrH3FVv33sWf8Nyyqs/?format=pdf&lang=pt |
Nenhum exemplar disponível.

BINAGRI